The Minerals surveyor in the United Kingdom. Report of the Working Party under the Chairmanship of W A M Jones. (Record no. 88590)

MARC details
000 -LEADER
fixed length control field 00674cam a2200229 4500
001 - CONTROL NUMBER
control field D15701
008 - FIXED-LENGTH DATA ELEMENTS--GENERAL INFORMATION
fixed length control field 090401t1978 xxu||||| |||| 00| 0 eng d
035 ## - SYSTEM CONTROL NUMBER
System control number (Sirsi) u24676
041 ## - LANGUAGE CODE
Language code of text/sound track or separate title eng
050 ## - LIBRARY OF CONGRESS CALL NUMBER
Classification number 622.1
090 ## - LOCALLY ASSIGNED LC-TYPE CALL NUMBER (OCLC); LOCAL CALL NUMBER (RLIN)
Classification number (OCLC) (R) ; Classification number, CALL (RLIN) (NR) RICS 1978/50ABC
110 ## - MAIN ENTRY--CORPORATE NAME
Corporate name or jurisdiction name as entry element Royal Institution of Chartered Surveyors
9 (RLIN) 4900
245 #4 - TITLE STATEMENT
Title The Minerals surveyor in the United Kingdom. Report of the Working Party under the Chairmanship of W A M Jones.
260 ## - PUBLICATION, DISTRIBUTION, ETC.
Name of publisher, distributor, etc. RICS
Date of publication, distribution, etc. 1978
300 ## - PHYSICAL DESCRIPTION
Extent 4. 82p. 21cm. Tables. diags
350 ## - PRICE (NR) (BK AM CF MU VM SE) [OBSOLETE]
Price 0
520 ## - SUMMARY, ETC.
Summary, etc. Filed in Box 1978/50 ABC
700 ## - ADDED ENTRY--PERSONAL NAME
Personal name Jones, W. A. M.
International Standard Serial Number Chairman
710 ## - ADDED ENTRY--CORPORATE NAME
Corporate name or jurisdiction name as entry element Minerals Division
942 ## - ADDED ENTRY ELEMENTS (KOHA)
Suppress in OPAC 0
948 ## - LOCAL PROCESSING INFORMATION (OCLC); SERIES PART DESIGNATOR (RLIN)
c (OCLC) 04/03/1997
Holdings
Withdrawn status Lost status Source of classification or shelving scheme Damaged status Not for loan Home library Current library Shelving location Date acquired Total Checkouts Full call number Barcode Date last seen Copy number Price effective from Koha item type
    Dewey Decimal Classification     London London RICS Boxes 14/09/1999   RICS 1978/50 30005201 06/08/2019 1 06/08/2019 Reference material
    Dewey Decimal Classification     London London RICS Boxes 08/08/1991   RICS 1978/50 30005202 06/08/2019 2 06/08/2019 Book
    Dewey Decimal Classification     London London RICS Boxes 09/01/1992   RICS 1978/50 30026361 06/08/2019 3 06/08/2019 Reference material